Statistics for Holiday Bowl Champions

Click here to take the quiz!

General Stats

  • This quiz has been taken 116 times
    (7 since last reset)
  • The average score is 29 of 47

Answer Stats

Answer% Correct
1998Arizona
83%
2006California
83%
1979Indiana
83%
1987Iowa
83%
1991Iowa
83%
1986Iowa
83%
2019Iowa
83%
1994Michigan
83%
2016Minnesota
83%
2008Oregon
83%
2022Oregon
83%
2000Oregon
83%
1989Penn State
83%
2011Texas
83%
2007Texas
83%
2001Texas
83%
2014USC
83%
2023USC
83%
2010Washington
83%
1996Colorado
67%
2017Michigan State
67%
2009Nebraska
67%
1993Ohio State
67%
1982Ohio State
67%
2005Oklahoma
67%
1990Texas AM
67%
2003Washington State
67%
1980BYU
50%
1981BYU
50%
BYU
50%
1983BYU
50%
1984BYU
50%
1992Hawaii
50%
1995Kansas State
50%
1999Kansas State
50%
2002Kansas State
50%
2018Northwestern
50%
1988Oklahoma State
50%
2013Texas Tech
50%
2004Texas Tech
50%
2015Wisconsin
50%
1985Arkansas
33%
1997Colorado State
33%
1978Navy
33%
2012Baylor
17%
2020None
0%
2021None
0%

Score Distribution

Percentile by Number Answered

Percent of People with Each Score

Your Score History

You have not taken this quiz since the last reset